00285nam a2200121Ia 4500008004100000041000900041082001700050100002000067245002700087260003300114300000800147650000800155230718s9999 xx 000 0 und d aEng. a332.6bPRI-T aPrince, Jimmy B 0atanection Pocket Guide aPakistanbMe-Graw Hillc2002 a152 aLaw